000 00495nam a2200181Ia 4500
999 _c34028
_d34028
003 OSt
005 20200918115943.0
008 190216s9999||||xx |||||||||||||| ||und||
020 _a9788173714108
040 _coclc
082 _a520
_bDAN/C
100 _aDaniel, R R
_94739
245 0 _aConcepts In Space Science /
_cR R Daniel
260 _bUniversities Press,
_aHyderbad:
_c2002.
300 _a391p
650 _aPhysics
942 _cBK
_2ddc
_h520
_iDAN/C
_k520
_mDAN/C